Traffic : Transportation and urban planning

Bibliographic Details
Main Author: Godwin George
Other Authors: Hakkert, A.S
Format: Book
Published: London : George Godwin , 1981
Series:(International forum series)
Subjects:

MARC

LEADER 00000cam a2200000 7i4500
001 0000001619
005 20050415.0
020 |a 071145714 
040 |a INS 
090 0 0 |a HE305.   |b T69 1981 
100 0 |a Godwin   |c George 
245 0 0 |a Traffic :   |b Transportation and urban planning   |c George Godwin 
260 |a London :   |b George Godwin ,   |c 1981 
300 |a 268p. :   |b ill.us ;   |c 23 cm. 
440 0 |a (International forum series) 
650 0 0 |a City planning   |x congresses 
700 1 |a Hakkert, A.S. 
999 |a 0000001504   |b BOOK   |c Open Shelf   |e Default branch